| 000 | 00925nam0a22002771 4500 | ||
|---|---|---|---|
| 001 | rc\4170514 | ||
| 005 | 20250611120056.0 | ||
| 021 |
_aRU _b[47-18960] |
||
| 035 | _a(NLR Aleph) 008182881 | ||
| 090 |
_a7926897 _c7926897 |
||
| 100 | _a20130415d1947 |||y0rusy50 ca | ||
| 101 | 0 | _arus | |
| 102 | _aRU | ||
| 105 | _ay z ||||| | ||
| 200 | 1 |
_aБогатства Приморского края _fКраев. культ.-просвет. отд. |
|
| 210 |
_aВладивосток _cИзд-во и тип. Примиздата _d1947 |
||
| 215 |
_a50 с. _d18 |
||
| 300 | _aПеред загл. авт.: П.В. Тарасов | ||
| 606 |
_aПриродные ресурсы _yПриморский край _2psbo |
||
| 607 |
_aПриморский край _2psbo |
||
| 700 | 1 |
_aТарасов _bП.В. |
|
| 801 | 0 |
_aRU _bNLR _gpsbo |
|
| 801 | 1 |
_aRU _bELAR _2rusmarc |
|
| 852 |
_aNLR _jЭк30 Г-4/291 |
||
| 942 | _cBOOK | ||
| 980 | _aNB | ||